उत्सव का निर्मम समय / (Record no. 113068)

MARC details
000 -LEADER
fixed length control field 01182nam a22002777a 4500
003 - CONTROL NUMBER IDENTIFIER
control field dpl
005 - DATE AND TIME OF LATEST TRANSACTION
control field 20190209164345.0
008 - FIXED-LENGTH DATA ELEMENTS--GENERAL INFORMATION
fixed length control field 190209b ||||| |||| 00| 0 eng d
010 ## - LIBRARY OF CONGRESS CONTROL NUMBER
LC control number B-050167
020 ## - INTERNATIONAL STANDARD BOOK NUMBER
Terms of availability 105.00
International Standard Book Number 8126306351
035 ## - SYSTEM CONTROL NUMBER
System control number B-050167, B-050171
037 ## - SOURCE OF ACQUISITION
Source of stock number/acquisition Cen Lib/Ret
040 ## - CATALOGING SOURCE
Original cataloging agency DPL
Language of cataloging HN
Transcribing agency 0
082 ## - DEWEY DECIMAL CLASSIFICATION NUMBER
Classification number 821
Item number चतुर्वे
100 ## - MAIN ENTRY--PERSONAL NAME
Personal name चतुर्वेदी, नंद
9 (RLIN) 7895
245 ## - TITLE STATEMENT
Title उत्सव का निर्मम समय /
Statement of responsibility, etc नंद चतुर्वेदी
246 ## - VARYING FORM OF TITLE
Title proper/short title Utsav ka nirmam samay /
Remainder of title by Nand Chaturvedi
260 ## - PUBLICATION, DISTRIBUTION, ETC. (IMPRINT)
Place of publication, distribution, etc नई दिल्ली
Name of publisher, distributor, etc भारतीय ज्ञानपीठ
Date of publication, distribution, etc 2001
270 ## - ADDRESS
City नई दिल्ली
Address 18, इंस्टीटयुश्नल एरिया, लोधी रोड
Postal code 110003
300 ## - PHYSICAL DESCRIPTION
Extent 132पृ.
Dimensions 21सेमी(सजिल्द)
650 ## - SUBJECT ADDED ENTRY--TOPICAL TERM
Topical term or geographic name as entry element हिंदी साहित्य
9 (RLIN) 50460
650 ## - SUBJECT ADDED ENTRY--TOPICAL TERM
Topical term or geographic name as entry element हिंदी साहित्य -- कविता
9 (RLIN) 50461
650 ## - SUBJECT ADDED ENTRY--TOPICAL TERM
Topical term or geographic name as entry element Hindi literature
9 (RLIN) 50462
650 ## - SUBJECT ADDED ENTRY--TOPICAL TERM
Topical term or geographic name as entry element Hindi literature -- Poetry
9 (RLIN) 50463
942 ## - ADDED ENTRY ELEMENTS (KOHA)
Source of classification or shelving scheme Dewey Decimal Classification
Koha item type Hindi Books
Classification part 821
Call number suffix चतुर्वे
Holdings
Withdrawn status Lost status Damaged status Not for loan Home library Current library Date acquired Source of acquisition Cost, normal purchase price Total Checkouts Full call number Barcode Date last seen Copy number Cost, replacement price Price effective from Koha item type Source of classification or shelving scheme Collection code Date checked out
        Central Library Central Library 11/08/2015 Cen Lib/Ret 105.00   821 चतुर्वे B-050167 11/08/2015 1 105.00 11/08/2015 Hindi Books      
        Sarojini Nagar Sarojini Nagar 16/10/2021       821 चतुर्वे B-078494 16/10/2021   105.00 16/10/2021 Hindi Books Dewey Decimal Classification Non-fiction  
        Shahdara Branch Shahdara Branch 09/02/2019 BPPD/PUB 105.00 1 821 चतुर्वे B-050171 05/10/2020   105.00 09/02/2019 Hindi Books Dewey Decimal Classification Non-fiction 22/09/2020

© Delhi Public Library
Hit Counter
free hit counter